Online
Catalog

Estudio de prevalencia, tipología y causas de la violencia en los centros educativos de básica y media de la República Dominicana / (Record no. 47793)

MARC details
000 -CABECERA
campo de control de longitud fija 01368nam a2200229 a 4500
001 - NÚMERO DE CONTROL
campo de control 000048305
005 - FECHA Y HORA DE LA ÚLTIMA TRANSACCIÓN
campo de control 20250116162810.0
008 - DATOS DE LONGITUD FIJA--INFORMACIÓN GENERAL
campo de control de longitud fija 181217s2014 dr ad r 000 m spa d
020 ## - NÚMERO INTERNACIONAL ESTÁNDAR DEL LIBRO
Número Internacional Estándar del Libro 9789945885941
040 ## - FUENTE DE LA CATALOGACIÓN
Centro catalogador/agencia de origen DO-SdBNP
Lengua de catalogación spa
Centro/agencia transcriptor BNPHU
082 ## - NÚMERO DE LA CLASIFICACIÓN DECIMAL DEWEY
Número de clasificación xxxx
Número de documento/Ítem E82p
245 00 - MENCIÓN DE TÍTULO
Título Estudio de prevalencia, tipología y causas de la violencia en los centros educativos de básica y media de la República Dominicana /
Mención de responsabilidad, etc. investigador principal ; Yira Vargas, M.Ed.
260 ## - PUBLICACIÓN, DISTRIBUCIÓN, ETC.
Lugar de publicación, distribución, etc. Santo Domingo :
Nombre del editor, distribuidor, etc. MINERD : INDEICE,
-- UNIBE,
Fecha de publicación, distribución, etc. 2014.
300 ## - DESCRIPCIÓN FÍSICA
Extensión 194 p. :
Otras características físicas il., tablas ;
Dimensiones 27 cm.
504 ## - NOTA DE BIBLIOGRAFÍA, ETC.
Nota de bibliografía, etc. Bibliografía : p. 38
505 0# - NOTA DE CONTENIDO CON FORMATO
Nota de contenido con formato Introducción --
Título Objetivos --
-- Operacionalización de las variables --
-- Principales referentes teóricos --
-- Métodos --
-- Instrumentos --
-- Procedimientos --
-- Resultados --
-- Discusión general --
-- Limitaciones del estudio --
-- Recomendaciones --
-- Esquema visual de los hallazgos por objetivos --
-- Conclusión --
-- Referencias --
-- Bibliografía --
-- Anexos --
-- Tabla --
-- Instrumentos --
-- Fotos --
590 ## - NOTA LOCAL (RLIN)
Nota local Inventariado, 2019/LP
700 1# - PUNTO DE ACCESO ADICIONAL--NOMBRE DE PERSONA
Nombre de persona Vargas, Yira.
9 (RLIN) 75721
710 12 - PUNTO DE ACCESO ADICIONAL--NOMBRE DE ENTIDAD CORPORATIVA
Nombre de entidad corporativa o nombre de jurisdicción como elemento de entrada República Dominicana
Unidad subordinada Ministerio de Educación
9 (RLIN) 72019
710 12 - PUNTO DE ACCESO ADICIONAL--NOMBRE DE ENTIDAD CORPORATIVA
Nombre de entidad corporativa o nombre de jurisdicción como elemento de entrada Instituto Dominicano de Evaluación e Investigación de la Calidad Educativa, República Dominicana
9 (RLIN) 75723
710 22 - PUNTO DE ACCESO ADICIONAL--NOMBRE DE ENTIDAD CORPORATIVA
Nombre de entidad corporativa o nombre de jurisdicción como elemento de entrada Universidad Iberoamericana (Santo Domingo, República Dominicana)
9 (RLIN) 84319
Holdings
Estado de retiro Estado de pérdida No para préstamo Código de colección Localización permanente Ubicación/localización actual Ubicación en estantería Fecha de adquisición Número de inventario Total de préstamos Signatura topográfica completa Código de barras Fecha visto por última vez Precio válido a partir de Tipo de ítem Koha Número de copia
    Excluido de préstamo Patrimonio Dominicano Patrimonio Dominicano Patrimonio Dominicano Depósito 17.12.2018 LF1   xxxx E82p 48305-10 25.06.2020 25.06.2020 Libro y Folleto Colección Patrimonio Dominicano  
    Excluido de préstamo Patrimonio Dominicano Patrimonio Dominicano Patrimonio Dominicano Depósito 25.03.2019 LF1   xxxx E82p 48305-20 25.06.2020 25.06.2020 Libro y Folleto Colección Patrimonio Dominicano e. 2
      Patrimonio Dominicano Patrimonio Dominicano Patrimonio Dominicano Orden iniciada 17.12.2018 LF1   xxxx E82p 48306-10 25.06.2020 25.06.2020 Libro y Folleto Colección Patrimonio Dominicano  

Powered by Koha